000 nam a22 a 4500
999 _c264
_d264
003 AKMAL
005 20170428093334.0
008 170428s2003 my g|b 000 0 may d
020 _a9676114391 (kkt.) :
_cRM18.00
082 0 4 _a959.505 AZM
_222
090 0 0 _a959.505
_bAZM
100 0 _aAzmah Abdul Manaf,
_d1962-
_9589
245 1 0 _aKemunculan Malaysia moden /
_cAzmah Abdul Manaf
260 _aKuala Lumpur :
_bUtusan Publications & Distributors,
_c2003
300 _a125ms. ;
_c25cm.
504 _aBibliografi: ms.123-125
651 0 _aMalaysia
_xSocial life and customs
_9590
651 0 _aMalaysia
_xPolitics and government
_944
942 _2ddc
_cBOOK